Районирование территории Томской области в связи с оценкой ее нефтегазоносности по данным геохимии (по договору с Томским территориальным геологическим управлением): графические приложения к отчету о НИР; Районирование территории Томской области в связи с оценкой ее нефтегазоносности по данным геохимии (по договору с Томским территориальным геологическим управлением)

Manylion Llyfryddiaeth
Awdur Corfforaethol: Сибирский научно-исследовательский институт геологии, геофизики и минерального сырья (СНИИГГиМС)
Awduron Eraill: Фомичев А. С. (руководитель), Зимин Ю. Г. (исполнитель), Конторович А. З., Стасова О. Ф., Трушков П. А.
Iaith:Rwseg
Cyhoeddwyd: Томск, [Б. и.], 1970
Pynciau:
Fformat: Llyfr
KOHA link:https://koha.lib.tpu.ru/cgi-bin/koha/opac-detail.pl?biblionumber=326128

MARC

LEADER 00000nam0a2200000 4500
001 326128
005 20231102003830.0
035 |a (RuTPU)RU\TPU\book\351763 
035 |a RU\TPU\book\351761 
090 |a 326128 
100 |a 20161219d1970 k y0rusy50 ca 
101 0 |a rus 
102 |a RU 
105 |a a p 000zy 
200 1 |a Районирование территории Томской области в связи с оценкой ее нефтегазоносности по данным геохимии (по договору с Томским территориальным геологическим управлением)  |e графические приложения к отчету о НИР  |f Сибирский научно-исследовательский институт геологии, геофизики и минерального сырья (СНИИГГиМС) ; руководитель исследования А. С. Фомичев ; участники исследования Ю. Г. Зимин , А. З. Конторович, О. Ф. Стасова, П. А. Трушков 
210 |a Томск  |c [Б. и.]  |d 1970 
215 |a 13 карт  |c ил. 
422 1 |0 (RuTPU)RU\TPU\book\351761  |t Районирование территории Томской области в связи с оценкой ее нефтегазоносности по данным геохимии (по договору с Томским территориальным геологическим управлением)  |o отчет о НИР  |f Сибирский научно-исследовательский институт геологии, геофизики и минерального сырья (СНИИГГиМС) ; руководитель исследования А. С. Фомичев ; участники исследования Ю. Г. Зимин , А. З. Конторович, О. Ф. Стасова, П. А. Трушков  |c Томск  |n [Б. и.]  |d 1970  |p 175 л. 
606 1 |a Нефтегазоносность  |x Геохимические критерии  |2 stltpush  |3 (RuTPU)RU\TPU\subj\45594  |9 64787 
610 1 |a Томская область 
610 1 |a мезозойские отложения 
610 1 |a графические приложения 
610 1 |a отчеты о НИР 
675 |a 553.98.041(04)  |v 4 
702 1 |a Фомичев  |b А. С.  |4 673 
702 1 |a Зимин  |b Ю. Г.  |4 677 
702 1 |a Конторович  |b А. З.  |4 677 
702 1 |a Стасова  |b О. Ф.  |4 677 
702 1 |a Трушков  |b П. А.  |4 677 
712 0 2 |a Сибирский научно-исследовательский институт геологии, геофизики и минерального сырья (СНИИГГиМС)  |c (Новосибирск)  |2 stltpush  |3 (RuTPU)RU\TPU\col\322 
801 1 |a RU  |b 63413507  |c 20161219 
801 2 |a RU  |b 63413507  |c 20190528  |g RCR 
942 |c BK